| 000 | 00769nam a2200229Ia 4500 | ||
|---|---|---|---|
| 001 | 8977 | ||
| 003 | GE_BSU | ||
| 008 | 181216s||||||||xx |||||||||||||| ||und|| | ||
| 040 | _cGE_BSU | ||
| 080 | _a82-93 | ||
| 100 | _aკეკელიძე,ნოდარ | ||
| 245 | _aდიდი თოვლი | ||
| 245 | _bმოთხრობები უმცრ. სასკ.ასაკის ბავშვ. | ||
| 245 | _cრედ.ჯ.ბაჯელიძე,მხატვ.ზ.მეძმარიაშვილი | ||
| 260 | _aთბილისი | ||
| 260 | _bნაკადული | ||
| 260 | _c1969 | ||
| 300 | _a38გვ.ილ.21სმ. | ||
| 653 | _aდიდი თოვლი | ||
| 653 | _aმოთხრობები | ||
| 942 | _cBK | ||
| 999 |
_c42282 _d42282 |
||